Women and media decision-making : (Record no. 172)

MARC details
000 -LEADER
fixed length control field 00608nam a22002177a 4500
001 - CONTROL NUMBER
control field 4808255
003 - CONTROL NUMBER IDENTIFIER
control field OSt
005 - DATE AND TIME OF LATEST TRANSACTION
control field 20230602142028.0
008 - FIXED-LENGTH DATA ELEMENTS--GENERAL INFORMATION
fixed length control field 880708s1987 fr 000 0 eng
010 ## - LIBRARY OF CONGRESS CONTROL NUMBER
LC control number 88158772
020 ## - INTERNATIONAL STANDARD BOOK NUMBER
Canceled/invalid ISBN 9231025050
040 ## - CATALOGING SOURCE
Original cataloging agency DLC
Transcribing agency DLC
Modifying agency DLC
082 ## - DEWEY DECIMAL CLASSIFICATION NUMBER
Classification number 302.2308220
Item number UNE
245 00 - TITLE STATEMENT
Title Women and media decision-making :
Remainder of title the invisible barriers.
260 ## - PUBLICATION, DISTRIBUTION, ETC. (IMPRINT)
Place of publication, distribution, etc. Paris :
Name of publisher, distributor, etc. Unesco,
Date of publication, distribution, etc. 1987.
300 ## - PHYSICAL DESCRIPTION
Extent 121 p. ;
Dimensions 21 cm.
710 2# - ADDED ENTRY--CORPORATE NAME
Corporate name or jurisdiction name as entry element Unesco.
906 ## - LOCAL DATA ELEMENT F, LDF (RLIN)
a 7
b cbc
c orignew
d 3
e ncip
f 19
g y-gencatlg
942 ## - ADDED ENTRY ELEMENTS (KOHA)
Source of classification or shelving scheme Dewey Decimal Classification
Koha item type Books
Holdings
Withdrawn status Lost status Source of classification or shelving scheme Damaged status Not for loan Home library Current library Date acquired Total Checkouts Full call number Barcode Date last seen Price effective from Koha item type
    Dewey Decimal Classification     Bunge Tower Library Bunge Tower Library 06/02/2023   302.2308220 UNE 10015306 06/02/2023 06/02/2023 Books
LIBRARY OPENING HOURS

When the Parliament is sitting: 8.00a.m - 7.00p.m or until the house adjourns
Mondays and Fridays and when the House is on Recess:  8.00a.m - 5.00p.m
Closed on Weekends and Public Holidays

Online Public Access Catalog (OPAC)
Website: http://www.parliament.go.ke
Bunge Library: https://libraryir.parliament.go.ke
Contact: library@parliament.go.ke | Tel no: (254-2)2221291 or 2848000 Ext 5043